Elements 51-75 - Statistics

General Stats
  • This quiz has been taken 130 times
  • The average score is 13 of 25
Answer Stats
Hint Answer % Correct
I Iodine
100%
Xe Xenon
94%
Sb Antimony
75%
Ba Barium
75%
Cs Cesium
69%
Ce Cerium
63%
Eu Europium
56%
La Lanthanum
56%
Te Tellurium
56%
W Tungsten
56%
Nd Neodymium
50%
Pr Praseodymium
50%
Pm Promethium
44%
Yb Ytterbium
44%
Er Erbium
38%
Hf Hafnium
38%
Ho Holmium
38%
Lu Lutetium
38%
Sm Samarium
38%
Ta Tantalum
38%
Dy Dysprosium
31%
Gd Gadolinium
31%
Re Rhenium
31%
Tm Thulium
31%
Tb Terbium
25%
No matching quizzes found
Score Distribution
Percent of People with Each Score
Percentile by Number Answered
Your Score History
You have not taken this quiz